000 00630nam a2200193Ia 4500
005 20250508153428.0
008 008 250505s9999 xx 000 0 eng d
037 _aBooks to be hide in OPAC
040 _aFEDL
_beng
_cFEDL
041 _aeng
_2eng
084 _a379.15, UNI
_qFEDL
100 _aFranseth Jane
_9763987
245 0 _aSupervision in rural schools: A report on beliefs and practices
245 0 _cU s Department of Health, Education and Welfare
260 _aWashington, USA
_bU.S. Government Printing Office
_c1955
300 _aiii,44p
942 _cHB
_h379.15, UNI
999 _c1342806
_d1342806